000 00326nam a2200145Ia 4500
003 OSt
008 191201s1998 xx 000 0 und d
082 _a651.3
_bSHO
100 _aSHARMA,R.K.
245 0 _aOffice Management
260 _aNew Delhi
_bKalyani pub
_c1998
300 _a443
650 _aB.Tech(CSE)
942 _2ddc
_cBK
999 _c385
_d385